Guardians of the Galaxy Members - Statistics

General Stats
  • This quiz has been taken 97 times
  • The average score is 9 of 22
Answer Stats
# Answer % Correct
1 Star-lord (Peter Quill)
96%
5 Groot
95%
2 Gamora
93%
3 Drax the Destroyer
90%
6 Mantis
76%
4 Rocket Raccoon
75%
7 Adam Warlock
56%
11 Cosmo the Spacedog
54%
13 Nova
36%
10 Quasar (Phyla-Vell)
36%
17 Captain Marvel
30%
16 Iron Man
29%
12 Quasar (Avril Kincaid)
29%
9 Quasar (Wendall Vaughn)
29%
14 Bug
20%
18 Agent Venom
19%
8 Moondragon
19%
15 Beta-Ray Bill
18%
19 Thing
16%
20 Jack Flag
14%
21 Hercules
13%
22 Marvel Boy
8%
No matching quizzes found
Score Distribution
Percent of People with Each Score
Percentile by Number Answered
Your Score History
You have not taken this quiz